书目信息 |
| 题名: |
疲劳设计
|
|
| 作者: | 奥斯古德 著 | |
| 分册: | ||
| 出版信息: | 北京 科学出版社 1982.1 |
|
| 页数: | 574页 | |
| 开本: | 20cm | |
| 丛书名: | ||
| 单 册: | ||
| 中图分类: | TB302.3 | |
| 科图分类: | ||
| 主题词: | 工程材料 | |
| 电子资源: | ||
| ISBN: | ||
| 000 | 00509nam0 2200193 45 | |
| 001 | 0312221749 | |
| 005 | 20031222170907.7 | |
| 010 | @dCNY2.80 | |
| 100 | @a20031222d1982 km y0chiy0120 ea | |
| 101 | @achi | |
| 105 | @a z 000yy | |
| 200 | 1 | @a疲劳设计@APi Lao She Ji@f奥斯古德著@FAo Si Gu De Zhu |
| 210 | @a北京@c科学出版社@d1982.1 | |
| 215 | @a574页@d20cm | |
| 606 | 0 | @a工程材料 |
| 690 | @aTB302.3@v3 | |
| 701 | 0 | @a奥斯古德@4著 |
| 801 | @aCN@bTSTCL@c20031222 | |
| 905 | @a213230@dTB302.3@e5@b64820-821@f2 | |
| 疲劳设计/奥斯古德著.-北京:科学出版社,1982.1 |
| 574页;20cm |
| ISBN :CNY2.80 |
| ● |
| 相关链接 |
|
|
|
|
正题名:疲劳设计
索取号:TB302.3/5
 
预约/预借
| 序号 | 登录号 | 条形码 | 馆藏地/架位号 | 状态 | 备注 |
| 1 | 0064820 | 001358131 | 密集书库/ [索取号:TB302.3/5] | 在馆 | |
| 2 | 0064821 | 001358177 | 第二样本阅览室/ [索取号:TB302.3/5] | 在馆 |